La reorganización de la empresa por la implantación de un sistema de procesamiento de datos / (Record no. 171871)

MARC details
000 -LEADER
campo de control de longitud fija 00789nam a22002175i 4500
001 - NÚMERO DE CONTROL
campo de control 171871
003 - IDENTIFICADOR DE NÚMERO DE CONTROL
campo de control ES-MaACL
005 - FECHA Y HORA DE LA ÚLTIMA TRANSACCIÓN
campo de control 20250902061256.0
008 - DATOS DE LONGITUD FIJA--INFORMACIÓN GENERAL
campo de control de longitud fija 090604s1969 sp |||| | spa d
080 ## - NÚMERO DE LA CLASIFICACIÓN DECIMAL UNIVERSAL
Número de la Clasificación Decimal Universal 658.5.01
080 ## - NÚMERO DE LA CLASIFICACIÓN DECIMAL UNIVERSAL
Número de la Clasificación Decimal Universal 658.011:54/.56
100 1# - ENTRADA PRINCIPAL--NOMBRE DE PERSONA
Nombre de persona Sollenberger, Harold M.
9 (RLIN) 140501
245 13 - MENCIÓN DEL TÍTULO
Título La reorganización de la empresa por la implantación de un sistema de procesamiento de datos /
Mención de responsabilidad, etc. por Harold M. Sollenberger ; [traductor: José Mª Sáenz].
260 ## - PUBLICACIÓN, DISTRIBUCIÓN, ETC.
Lugar de publicación, distribución, etc. Madrid :
Nombre del editor, distribuidor, etc. Iberia Europea de Ediciones,
Fecha de publicación, distribución, etc. [1969]
300 ## - DESCRIPCIÓN FÍSICA
Extensión 143 p. ;
Dimensiones 21 cm.
650 14 - PUNTO DE ACCESO ADICIONAL DE MATERIA--TÉRMINO DE MATERIA
Término de materia o nombre geográfico como elemento de entrada Empresas-
Subdivisión general Servicios de información.
9 (RLIN) 140504
650 04 - PUNTO DE ACCESO ADICIONAL DE MATERIA--TÉRMINO DE MATERIA
Término de materia o nombre geográfico como elemento de entrada Empresas-
Subdivisión general Automatización
9 (RLIN) 12214
700 1# - ENTRADA AGREGADA--NOMBRE PERSONAL
Nombre de persona Sáenz, José María.
9 (RLIN) 183050
852 ## - LOCALIZACIÓN
Ubicación ES-MaACL
Número de control de estantería C-49907
itemnumber R.71991
Holdings
Estatus retirado Estado de pérdida Estado de daño No para préstamo Biblioteca de origen Biblioteca actual Ubicación en estantería Fecha de adquisición Fuente de adquisición Total de préstamos Signatura topográfica completa Código de barras Visto por última vez Precio de reemplazo Tipo de ítem Koha
        Biblioteca del Ateneo de Madrid Biblioteca del Ateneo de Madrid Depósito 2 04/06/2009     C-49907 1180373 23/02/2023 23/02/2023 Libro impreso